Paroles - Lorenzo - Freestyle Du Sale - Statistiques

Statistiques générales
  • Ce quiz a été pris 2 041 fois
  • Le résultat moyen est 260 sur 416
Statistiques - réponses
Réponse % Correct
D
99%
de
98%
la
97%
97%
me
96%
a
93%
à
93%
lorenzo
93%
foutre
92%
le
92%
on
92%
merde
90%
débarque
89%
je
89%
va
89%
mon
88%
des
87%
pas
87%
ta
87%
fumer
86%
ma
86%
m'a
86%
ça
85%
les
84%
comme
83%
herbe
83%
suis
83%
votre
82%
baraque
81%
ce
81%
j'ai
81%
saccage
81%
et
80%
grand
80%
y
80%
un
79%
frère
78%
en
77%
pascal
77%
sous
74%
pour
71%
devant
70%
mamène
70%
très
70%
chinois
69%
dans
69%
dragon
69%
fesses
69%
meuf
69%
néons
69%
ses
68%
au
67%
mes
67%
arrive
66%
feu
66%
qui
66%
somnifères
66%
bons
65%
crache
65%
cul
65%
fait
65%
charbonne
64%
pote
63%
baise
62%
du
62%
pimpé
62%
faire
61%
garde
61%
mère
61%
que
61%
soir
61%
sur
61%
me-sper
60%
niqué
60%
taire
60%
traces
60%
briquet
59%
l'album
59%
loup
59%
méchant
59%
quatre
59%
soeur
59%
coins
58%
cousine
58%
emma
58%
bite
57%
c'est
57%
cheval
57%
enfants
57%
femmes
57%
france
57%
vous
57%
watson
57%
cavale
56%
tu
56%
êtes
55%
par
55%
peur
55%
132
54%
avale
54%
omega 3
54%
plus
54%
riche
54%
troie
54%
aux
53%
fais
53%
Booba
52%
fables
52%
prêts
52%
sale
52%
toujours
51%
combat
50%
vais
49%
86
48%
beurettes
48%
peut
48%
table
48%
fac
47%
sports
47%
est
46%
poudre
46%
avec
45%
Charlie
45%
j'éjacule
45%
sucer
45%
elle
44%
j'aime
44%
mais
44%
piquer
44%
pucelles
44%
si
44%
demandé
43%
drague
43%
magie
43%
pardon
43%
srabs
43%
wingardium
43%
donc
42%
tous
42%
cours
41%
manger
41%
passoa
41%
porte
41%
foot
40%
toutes
40%
baiser
39%
déshydraté
39%
larguée
39%
périscope
39%
veut
39%
ceux
38%
nous
38%
viennent
38%
tes
37%
t'es
37%
tupac
37%
veux
37%
pigeon
36%
quart
36%
mis
35%
voyageur
35%
cocasses
34%
d'heure
34%
hein
34%
mater
34%
ou
34%
serge
34%
m'aiment
32%
rappeurs
32%
sales
31%
ils
30%
l'ai
30%
l'usine
30%
t'inquiète
30%
commande
28%
s'inclinent
28%
sont
28%
t'aiment
28%
terre
28%
aurier
27%
coke
27%
t'envoie
27%
chaine
26%
fil
26%
l'empereur
26%
hit
25%
une
25%
machine
24%
sexe
24%
bout
23%
debout
23%
fourre
23%
baladeur
22%
c'était
22%
jeunesse
22%
n'oublie
22%
pub
22%
jamais
21%
pervertir
21%
queue
21%
t'as
21%
tube
21%
deux
20%
faut
20%
l'autre
20%
moi
20%
sons
20%
zappe
20%
drogué
19%
miss
19%
rouge-gorge
19%
semaines
19%
viens
19%
désolé
18%
grosses
18%
peux
18%
rajouter
18%
sky
18%
celle-là
17%
espèce
17%
peine
17%
verre
17%
m'appeler
16%
écrit
15%
eh
15%
l'école
15%
ordres
15%
record
15%
vas
15%
retourne
14%
donner
13%
freestile
13%
patte
13%
charbonnes
9%
couler
8%
backes
4%
venais
4%
Aucun quiz correspondant
Distribution des résultats
% des personnes avec chaque résultat
Percentile par nombre de réponses
Votre historique - résultats
Vous n’avez pas pris ce quiz